Special methods in pond fish husbandry
Uloženo v:
| Hlavní autor: | |
|---|---|
| Médium: | Kniha |
| Jazyk: | Undetermined |
| Vydáno: |
Budapest ( Hungary )
Akadémiai Kiadó
1984
|
| Témata: | |
| Tagy: |
Přidat tag
Žádné tagy, Buďte první, kdo otaguje tento záznam!
|
| Thư viện lưu trữ: | Trung tâm Học liệu Trường Đại học Cần Thơ |
|---|
| LEADER | 00634nam a2200181Ia 4500 | ||
|---|---|---|---|
| 001 | CTU_38902 | ||
| 008 | 210402s9999 xx 000 0 und d | ||
| 082 | |a 639.311 | ||
| 082 | |b H823 | ||
| 100 | |a Horváth, László | ||
| 245 | 0 | |a Special methods in pond fish husbandry | |
| 245 | 0 | |c László, Gizella Tamás and István Tolg ; Edited by John E. Halver ; [English translation by Zoltán Thuránszky and Klára Patak] | |
| 260 | |a Budapest ( Hungary ) | ||
| 260 | |b Akadémiai Kiadó | ||
| 260 | |c 1984 | ||
| 650 | |a Fish ponds,Fish-culture | ||
| 904 | |i Giang | ||
| 980 | |a Trung tâm Học liệu Trường Đại học Cần Thơ | ||